| 000 | 00661nam a2200169Ia 4500 | ||
|---|---|---|---|
| 008 | 090711s9999 xx 000 0 und d | ||
| 082 | _b65132 | ||
| 100 | _aअनुभवी तज्ञ | ||
| 245 | _aसिSाात्र् पोटाSो आरोग्य कसे राखावे | ||
| 260 | _c1990 | ||
| 300 | _a79 | ||
| 600 | _aअनुभवी तज्ञ | ||
| 630 | _aसिSाात्र् पोटाSो आरोग्य कसे राखावे | ||
| 700 | _aअनुभवी तज्ञ | ||
| 730 | _aसिSाात्र् पोटाSो आरोग्य कसे राखावे | ||
| 942 | _cBOOK | ||
| 999 |
_c312330 _d312330 |
||